English church architecture : a visual guide /

Bibliographic Details
Main Author: Child, Mark
Format: Book
Language:English
Published: London : Batsford, 1981.
Subjects:

MARC

Tag First Indicator Second Indicator Subfields
LEADER 00000cam a2200000 a 4500
001 in00000080088
005 20151008055318.0
008 811219s1981 enka 00110 eng
010 |a  81133239  
015 |a GB*** 
020 |a 0713437626 :  |c 6.95 
035 |a (OCoLC)07834095 
035 |9 AAJ3123AM 
039 0 |a 2  |b 3  |c 3  |d 3  |e 3 
040 |a DLC  |c DLC  |d TXA  |d UtOrBLW 
043 |a e-uk-en 
049 |a TXAM  |c [1361793] 
050 0 0 |a NA5461  |b .C44 
082 0 |a 726/.5/0942  |2 19 
100 1 |a Child, Mark. 
245 1 0 |a English church architecture :  |b a visual guide /  |c Mark Child. 
264 1 |a London :  |b Batsford,  |c 1981. 
300 |a 119 pages :  |b illustrations ;  |c 26 cm. 
336 |a text  |b txt  |2 rdacontent 
337 |a unmediated  |b n  |2 rdamedia 
338 |a volume  |b nc  |2 rdacarrier 
500 |a Includes index. 
650 0 |a Church architecture  |z England. 
999 |a MARS 
999 f f |s 111237d6-93a7-37b7-8ed6-e85d0ceb42eb  |i 055aed8b-807b-3ff2-b62b-677bad8e658c  |t 0 
952 f f |p normal  |a Texas A&M University  |b College Station  |c Sterling C. Evans Library  |d Evans: Library Stacks  |t 0  |e NA5461 .C44  |h Library of Congress classification  |i unmediated -- volume  |m A14806168390 
998 f f |a NA5461 .C44  |t 0  |l Evans: Library Stacks